Cobra Kai Quiz - Statistics

General Stats
  • This quiz has been taken 181 times
  • The average score is 19 of 35
Answer Stats
Answer % Correct
Miguel
98%
Daniel
95%
Johnny
95%
Robby
95%
Sam
94%
Tory
94%
Hawk
87%
Kreese
87%
Silver
84%
Kenny
81%
Anthony
73%
Demetri
69%
Chozen
68%
Amanda
67%
Carmen
64%
Axel
57%
Zara
54%
Aisha
52%
Kyler
52%
Moon
52%
Kwon
50%
Bert
42%
Yasmine
38%
Chris
37%
Stingray
37%
Mike
34%
Mitch
33%
Nate
24%
Brucks
17%
Ali
15%
Kim Da-Eun
15%
Louie
15%
Anoush
13%
Piper
12%
Yaya
6%
No matching quizzes found
Score Distribution
Percent of People with Each Score
Percentile by Number Answered
Your Score History
You have not taken this quiz